000 00796nam a2200241 a 4500
001 41941
003 BD-RjUL
005 20211209053455.0
008 160607s1955 bg ||||| |||| 00| 0 ben d
020 _c: PRs 3.00
035 _a(BD-RjUL)42059
040 _aBD-RjUL
_bben
_cBD-RjUL
041 _aben
082 _223
_a297
_bALB 1955
100 _aআলী, মুজাফফর
_9128895
245 1 0 _aবিশ্ব-সভ্যতায় মুসলিমের দান /
_cমুজাফফর আলী
250 _a৪র্থ সং.
260 _aঢাকা :
_bএম.এ. কাদির,
_c১৯৫৫
300 _a[৮], ১৯২ পৃ. ;
_c১৮ সেমি.
650 _aইসলাম
_9128903
650 _aIslam
_9128904
942 _2ddc
_cBK
999 _c41941
_d41941